Shri kushmandinI devi mahatmya (Record no. 215390)
[ view plain ]
| 000 -LEADER | |
|---|---|
| fixed length control field | 00698nam a2200217Ia 4500 |
| 003 - CONTROL NUMBER IDENTIFIER | |
| control field | OSt |
| 005 - DATE AND TIME OF LATEST TRANSACTION | |
| control field | 20251126122445.0 |
| 008 - FIXED-LENGTH DATA ELEMENTS--GENERAL INFORMATION | |
| fixed length control field | 210719s2012 xx 000 0 und d |
| 040 ## - CATALOGING SOURCE | |
| Transcribing agency | AL |
| 041 ## - LANGUAGE CODE | |
| Language code of text/sound track or separate title | Kannada |
| 082 ## - DEWEY DECIMAL CLASSIFICATION NUMBER | |
| Classification number | 398.2K SHRS |
| 100 ## - MAIN ENTRY--PERSONAL NAME | |
| Personal name | SHRIDHARA PANDI SANURU (M) |
| Dates associated with a name | ಶ್ರೀಧರ ಪಾಂಡಿ ಸಾನೂರು (ಎಂ) |
| 9 (RLIN) | 246862 |
| 245 ## - TITLE STATEMENT | |
| Title | Shri kushmandinI devi mahatmya |
| Remainder of title | ಶ್ರೀ ಕೂಷ್ಮಾಂಡಿನೀ ದೇವೀ ಮಹಾತ್ಮ್ಯ |
| 260 ## - PUBLICATION, DISTRIBUTION, ETC. | |
| Place of publication, distribution, etc. | MangaLUru |
| Date of publication, distribution, etc. | 2012 |
| 300 ## - PHYSICAL DESCRIPTION | |
| Extent | 146 |
| Other physical details | PB |
| 365 ## - TRADE PRICE | |
| Price amount | 90 |
| Currency code | Rs |
| 650 ## - SUBJECT ADDED ENTRY--TOPICAL TERM | |
| Topical term or geographic name entry element | Folklore |
| 9 (RLIN) | 246863 |
| 650 ## - SUBJECT ADDED ENTRY--TOPICAL TERM | |
| Topical term or geographic name entry element | Folklore |
| 9 (RLIN) | 246863 |
| 906 ## - LOCAL DATA ELEMENT F, LDF (RLIN) | |
| a | dEvI ; kUShmAnDinI ; mAhAtmya ; Shri |
| 942 ## - ADDED ENTRY ELEMENTS (KOHA) | |
| Source of classification or shelving scheme | Dewey Decimal Classification |
| Koha item type | Book |
| Withdrawn status | Lost status | Source of classification or shelving scheme | Damaged status | Not for loan | Collection code | Home library | Current library | Date acquired | Cost, normal purchase price | Total Checkouts | Full call number | Barcode | Date last seen | Price effective from | Koha item type |
|---|---|---|---|---|---|---|---|---|---|---|---|---|---|---|---|
| Dewey Decimal Classification | Kannada | St Aloysius Library | St Aloysius Library | 05/10/2012 | 90.00 | 398.2K SHRS | D04023 | 07/19/2021 | 07/19/2021 | Donated Books |